000
00290nam a22001337a 4500
003
SGT
082
_a
614.1
_b
A19D
100
_a
DAHIYA, RAMKISHAN
245
_a
A COMPREHENSIVE STUDY OF HOMICIDES
260
_a
SGTU
_c
2019
300
_a
40
650
_a
FORENSIC MEDICINE
942
_2
ddc
_c
TH
999
_c
20562
_d
20562